Moto GP Multiple Champions - Statistics

General Stats
  • This quiz has been taken 227 times
  • The average score is 6 of 16
Answer Stats
Titles Rider % Correct
7 Valentino Rossi
98%
3 Marc Márquez
94%
3 Jorge Lorenzo
82%
2 Casey Stoner
68%
8 Giacomo Agostini
55%
5 Mick Doohan
44%
3 Kenny Roberts
30%
3 Wayne Rainey
22%
4 John Surtees
18%
2 Barry Sheene
17%
4 Mike Hailwood
16%
2 Freddie Spencer
15%
4 Eddie Lawson
13%
2 Phil Read
9%
4 Geoff Duke
8%
2 Umberto Masetti
4%
No matching quizzes found
Score Distribution
Percent of People with Each Score
Percentile by Number Answered
Your Score History
You have not taken this quiz